Cocodrilo va al dentista

Guardat en:
Dades bibliogràfiques
Autor principal: Gomi, Taro (Autor)
Format: Llibre
Idioma:espanyol
Publicat: Ciudad de México Fondo de Cultura Económica 2010
Edició:1a. ed
Col·lecció:A la Orilla del Viento
Matèries:
Etiquetes: Afegir etiqueta
Sense etiquetes, Sigues el primer a etiquetar aquest registre!

MARC

LEADER 00000nam a2200000 a 4500
001 UCG6605
003 CL-VaPUC
008 110509e20100000MX |||||||||||||||||spa|d
020 |a 9786071601421 
082 0 4 |a 808.0683  |b GOM  |2 21 
100 0 |a Gomi, Taro  |e author  |9 556925 
245 1 0 |a Cocodrilo va al dentista 
250 |a 1a. ed 
300 |a 36 p 
942 |c BK 
945 |d 20110509 00:00:00  |a jcampos 
260 |a Ciudad de México  |b Fondo de Cultura Económica  |c 2010 
650 0 |a Literatura infantil   |9 307465 
650 0 |a Cuentos infantiles  |9 308044 
583 |a last modification  |c 20110509 00:00:00  |k Rodrigo Vera 
490 0 |a A la Orilla del Viento 
999 |c 344783  |d 344781 
952 |0 0  |1 0  |4 0  |6 808_068300000000000_GOM_2010  |7 0  |8 A  |9 442976  |a BIBEDU  |b BIBEDU  |d 2019-11-22  |i 4773578  |l 2  |o 808.0683 GOM 2010  |p 4773578  |r 2022-05-19  |s 2022-05-18  |w 2019-11-22  |y BK  |k PAR